00600nam a2200181 a 4500008004100000020002000041100002400061245013300085260006200218300003300280500002000313650002200333700001900355700001700374003000100391005001700392040000900409  a0131144340(pbk)1 aWoodfield, Brian F.10aVirtual chemlab :borganic synthesis and qualitative analysis /cby Brian F. Woodfield, Merrit B. Andrus and Tricia E. Andersen. aUpper Saddle River, N.J. :bPearson Prentice Hall,c2004. axiv, 816 p. :bill. ;c28cm. aIncludes CD-ROM 1aOrganic synthesis aAndersen, T.E. aAndrus, M.B.20230123134325.0 cNUST